| 000 | 00729nam a22002177a 4500 | ||
|---|---|---|---|
| 999 |
_c6137 _d6137 |
||
| 001 | 4735 | ||
| 003 | BD-DhUAP | ||
| 005 | 20201224162045.0 | ||
| 008 | 201224s2002 bg a|||| |||| 00| 0 eng d | ||
| 020 | _a9848230025 | ||
| 040 |
_aBD-DhUAP _bEng _cBD-DhUAP _dBD-DhUAP |
||
| 082 |
_223 _a627.4 ENG |
||
| 245 |
_aEngineering concerns of flood : _b1998 perspective / _cedited by M. Ashraf Ali, Salek M. Seraj and Sohrabuddin Ahmad. |
||
| 260 |
_aDhaka : _bBangladesh University of Engineering and Technology, _cc2002. |
||
| 300 |
_avi, 380 pages : _billustrations ; _c25 cm. |
||
| 650 |
_aFloods _zDhaka, Bangladesh. |
||
| 700 | _aAli, M. Ashraf. | ||
| 700 | _aSeraj, Salek M. | ||
| 700 | _aAhmad, Sohrabuddin. | ||
| 942 |
_2ddc _cBK |
||